<?xml version="1.0" encoding="UTF-8"?>
<record
    xmlns:xsi="http://www.w3.org/2001/XMLSchema-instance"
    xsi:schemaLocation="http://www.loc.gov/MARC21/slim http://www.loc.gov/standards/marcxml/schema/MARC21slim.xsd"
    xmlns="http://www.loc.gov/MARC21/slim">

  <leader>00698nam a22001577a 4500</leader>
  <controlfield tag="003">OSt</controlfield>
  <controlfield tag="005">20221125152612.0</controlfield>
  <controlfield tag="008">151024b        xxu||||| |||| 00| 0 eng d</controlfield>
  <datafield tag="040" ind1=" " ind2=" ">
    <subfield code="c">RUA</subfield>
  </datafield>
  <datafield tag="082" ind1=" " ind2=" ">
    <subfield code="a">AVM SUO 2013 B543 Or.1</subfield>
  </datafield>
  <datafield tag="100" ind1=" " ind2=" ">
    <subfield code="9">2836</subfield>
    <subfield code="a">SUON, BOROM.</subfield>
  </datafield>
  <datafield tag="245" ind1=" " ind2=" ">
    <subfield code="a">Study on pig respiratory disease at um cheang farm preychor district kompong cham province, &#x1780;&#x17B6;&#x179A;&#x179F;&#x17B7;&#x1780;&#x17D2;&#x179F;&#x17B6;&#x1787;&#x17C6;&#x1784;&#x17BA;&#x179A;&#x179B;&#x17B6;&#x1780;&#x1795;&#x17D2;&#x179B;&#x17BC;&#x179C;&#x178A;&#x1784;&#x17D2;&#x17A0;&#x17BE;&#x1798;&#x179B;&#x17BE;&#x1787;&#x17D2;&#x179A;&#x17BC;&#x1780;&#x179F;&#x17B6;&#x1785;&#x17CB;&#x1793;&#x17C5;&#x1780;&#x179F;&#x17B7;&#x178A;&#x17D2;&#x178B;&#x17B6;&#x1793; &#x17A2;&#x17CA;&#x17C6; &#x1787;&#x17B6;&#x1784; &#x179F;&#x17D2;&#x179A;&#x17BB;&#x1780;&#x1796;&#x17D2;&#x179A;&#x17C3;&#x1788;&#x179A; &#x1781;&#x17C1;&#x178F;&#x17D2;&#x178F;&#x1780;&#x17C6;&#x1796;&#x1784;&#x17CB;&#x1785;&#x17B6;&#x1798;</subfield>
  </datafield>
  <datafield tag="260" ind1=" " ind2=" ">
    <subfield code="a">Phnom Penh</subfield>
    <subfield code="b">RUA</subfield>
    <subfield code="c">2013</subfield>
  </datafield>
  <datafield tag="300" ind1=" " ind2=" ">
    <subfield code="a">ix; 31p.</subfield>
    <subfield code="b">ill.</subfield>
    <subfield code="c">29cm.</subfield>
  </datafield>
  <datafield tag="942" ind1=" " ind2=" ">
    <subfield code="2">ddc</subfield>
    <subfield code="c">ATMSP</subfield>
  </datafield>
  <datafield tag="999" ind1=" " ind2=" ">
    <subfield code="c">2655</subfield>
    <subfield code="d">2655</subfield>
  </datafield>
  <datafield tag="952" ind1=" " ind2=" ">
    <subfield code="0">0</subfield>
    <subfield code="1">0</subfield>
    <subfield code="2">ddc</subfield>
    <subfield code="4">0</subfield>
    <subfield code="6">AVM_SUO_2013_000000000000000_B108_OR_1</subfield>
    <subfield code="7">0</subfield>
    <subfield code="9">12462</subfield>
    <subfield code="a">LBB</subfield>
    <subfield code="b">LBB</subfield>
    <subfield code="c">B108</subfield>
    <subfield code="d">2015-10-24</subfield>
    <subfield code="o">AVM SUO 2013 B108 Or.1</subfield>
    <subfield code="p">RUA018776</subfield>
    <subfield code="r">2015-10-24</subfield>
    <subfield code="w">2015-10-24</subfield>
    <subfield code="y">ATMSP</subfield>
  </datafield>
  <datafield tag="952" ind1=" " ind2=" ">
    <subfield code="0">0</subfield>
    <subfield code="1">0</subfield>
    <subfield code="2">ddc</subfield>
    <subfield code="4">0</subfield>
    <subfield code="6">AVM_SUO_2013_000000000000000_B108_OR_2</subfield>
    <subfield code="7">0</subfield>
    <subfield code="9">12463</subfield>
    <subfield code="a">LBB</subfield>
    <subfield code="b">LBB</subfield>
    <subfield code="c">B108</subfield>
    <subfield code="d">2015-10-24</subfield>
    <subfield code="o">AVM SUO 2013 B108 Or.2</subfield>
    <subfield code="p">RUA018615</subfield>
    <subfield code="r">2015-10-24</subfield>
    <subfield code="w">2015-10-24</subfield>
    <subfield code="y">ATMSP</subfield>
  </datafield>
  <datafield tag="952" ind1=" " ind2=" ">
    <subfield code="0">0</subfield>
    <subfield code="1">0</subfield>
    <subfield code="2">ddc</subfield>
    <subfield code="4">0</subfield>
    <subfield code="6">AVM_SUO_2013_000000000000000_B108_OR_3</subfield>
    <subfield code="7">0</subfield>
    <subfield code="9">12464</subfield>
    <subfield code="a">LBB</subfield>
    <subfield code="b">LBB</subfield>
    <subfield code="c">B108</subfield>
    <subfield code="d">2015-10-24</subfield>
    <subfield code="l">1</subfield>
    <subfield code="o">AVM SUO 2013 B108 Or.3</subfield>
    <subfield code="p">RUA018622</subfield>
    <subfield code="r">2018-10-02</subfield>
    <subfield code="s">2018-09-28</subfield>
    <subfield code="w">2015-10-24</subfield>
    <subfield code="y">ATMSP</subfield>
  </datafield>
  <datafield tag="952" ind1=" " ind2=" ">
    <subfield code="0">0</subfield>
    <subfield code="1">0</subfield>
    <subfield code="2">ddc</subfield>
    <subfield code="4">0</subfield>
    <subfield code="6">AVM_SUO_2013_000000000000000_B108_OR_4</subfield>
    <subfield code="7">0</subfield>
    <subfield code="9">12465</subfield>
    <subfield code="a">LBB</subfield>
    <subfield code="b">LBB</subfield>
    <subfield code="c">B108</subfield>
    <subfield code="d">2015-10-24</subfield>
    <subfield code="l">2</subfield>
    <subfield code="o">AVM SUO 2013 B108 Or.4</subfield>
    <subfield code="p">RUA018905</subfield>
    <subfield code="r">2018-12-28</subfield>
    <subfield code="s">2018-12-12</subfield>
    <subfield code="w">2015-10-24</subfield>
    <subfield code="y">ATMSP</subfield>
  </datafield>
  <datafield tag="952" ind1=" " ind2=" ">
    <subfield code="0">0</subfield>
    <subfield code="1">0</subfield>
    <subfield code="2">ddc</subfield>
    <subfield code="4">0</subfield>
    <subfield code="6">AVM_SUO_2013_000000000000000_B108_OR_5</subfield>
    <subfield code="7">0</subfield>
    <subfield code="9">12466</subfield>
    <subfield code="a">LBB</subfield>
    <subfield code="b">LBB</subfield>
    <subfield code="c">B108</subfield>
    <subfield code="d">2015-10-24</subfield>
    <subfield code="l">1</subfield>
    <subfield code="o">AVM SUO 2013 B108 Or.5</subfield>
    <subfield code="p">RUA018690</subfield>
    <subfield code="r">2017-01-23</subfield>
    <subfield code="s">2017-01-13</subfield>
    <subfield code="w">2015-10-24</subfield>
    <subfield code="y">ATMSP</subfield>
  </datafield>
  <datafield tag="952" ind1=" " ind2=" ">
    <subfield code="0">0</subfield>
    <subfield code="1">0</subfield>
    <subfield code="2">ddc</subfield>
    <subfield code="4">0</subfield>
    <subfield code="6">AVM_SUO_2013_000000000000000_B108_OR_6</subfield>
    <subfield code="7">0</subfield>
    <subfield code="9">12467</subfield>
    <subfield code="a">LBB</subfield>
    <subfield code="b">LBB</subfield>
    <subfield code="c">B108</subfield>
    <subfield code="d">2015-10-24</subfield>
    <subfield code="l">1</subfield>
    <subfield code="o">AVM SUO 2013 B108 Or.6</subfield>
    <subfield code="p">RUA018310</subfield>
    <subfield code="r">2016-06-22</subfield>
    <subfield code="s">2016-06-08</subfield>
    <subfield code="w">2015-10-24</subfield>
    <subfield code="y">ATMSP</subfield>
  </datafield>
  <datafield tag="952" ind1=" " ind2=" ">
    <subfield code="0">0</subfield>
    <subfield code="1">0</subfield>
    <subfield code="2">ddc</subfield>
    <subfield code="4">0</subfield>
    <subfield code="6">AVM_SUO_2013_000000000000000_B108_OR_7</subfield>
    <subfield code="7">0</subfield>
    <subfield code="9">12468</subfield>
    <subfield code="a">LBB</subfield>
    <subfield code="b">LBB</subfield>
    <subfield code="c">B108</subfield>
    <subfield code="d">2015-10-24</subfield>
    <subfield code="l">2</subfield>
    <subfield code="o">AVM SUO 2013 B108 Or.7</subfield>
    <subfield code="p">RUA018448</subfield>
    <subfield code="r">2018-11-06</subfield>
    <subfield code="s">2018-10-31</subfield>
    <subfield code="w">2015-10-24</subfield>
    <subfield code="y">ATMSP</subfield>
  </datafield>
  <datafield tag="952" ind1=" " ind2=" ">
    <subfield code="0">0</subfield>
    <subfield code="1">0</subfield>
    <subfield code="2">ddc</subfield>
    <subfield code="4">0</subfield>
    <subfield code="6">AVM_SUO_2013_000000000000000_B108_OR_8</subfield>
    <subfield code="7">0</subfield>
    <subfield code="9">12469</subfield>
    <subfield code="a">LBB</subfield>
    <subfield code="b">LBB</subfield>
    <subfield code="c">B108</subfield>
    <subfield code="d">2015-10-24</subfield>
    <subfield code="l">2</subfield>
    <subfield code="o">AVM SUO 2013 B108 Or.8</subfield>
    <subfield code="p">RUA019511</subfield>
    <subfield code="r">2017-10-02</subfield>
    <subfield code="s">2017-08-15</subfield>
    <subfield code="w">2015-10-24</subfield>
    <subfield code="y">ATMSP</subfield>
  </datafield>
  <datafield tag="952" ind1=" " ind2=" ">
    <subfield code="0">0</subfield>
    <subfield code="1">0</subfield>
    <subfield code="2">ddc</subfield>
    <subfield code="4">0</subfield>
    <subfield code="6">AVM_SUO_2013_000000000000000_B543_OR_1</subfield>
    <subfield code="7">0</subfield>
    <subfield code="9">92030</subfield>
    <subfield code="a">LBB</subfield>
    <subfield code="b">LBB</subfield>
    <subfield code="c">B543</subfield>
    <subfield code="d">2022-10-26</subfield>
    <subfield code="o">AVM SUO 2013 B543 Or.1</subfield>
    <subfield code="p">a37836</subfield>
    <subfield code="r">2022-10-26</subfield>
    <subfield code="w">2022-10-26</subfield>
    <subfield code="y">ATMSP</subfield>
  </datafield>
</record>
